000 00479cam a2200145 4500500
005 20260329004347.0
041 _afre
042 _adc
100 1 0 _aWybrands, Francis
_eauthor
245 0 0 _aPierre Sansot , La Beauté m’insupporte , Payot, 2004, 280 pages, 16 €
260 _c2005.
500 _a9
786 0 _nÉtudes | 402 | 2 | 2005-02-01 | p. XXI-XXI | 0014-1941
856 4 1 _uhttps://shs.cairn.info/revue-etudes-2005-2-page-XXI?lang=fr&redirect-ssocas=7080
999 _c1833150
_d1833150